One Second Per Answer - Click Quiz - Statistics

General Stats
  • This quiz has been taken 130 times
  • The average score is 18 of 26
Answer Stats
Hint Answer % Correct
H H
86%
E E
78%
I I
78%
R R
78%
A A
73%
G G
73%
M M
73%
N N
73%
X X
73%
D D
70%
P P
70%
Y Y
70%
Z Z
70%
C C
68%
F F
68%
K K
68%
S S
68%
V V
68%
B B
65%
T T
65%
O O
62%
U U
62%
L L
57%
Q Q
57%
W W
57%
J J
51%
No matching quizzes found
Score Distribution
Percent of People with Each Score
Percentile by Number Answered
Your Score History
You have not taken this quiz